Kritéria pre hodnotenie nástrojov kvality
Informačná asymetria ako zásadný problém moderného trhu. Návrh kritérií na hodnotenie rôznych systémov zaoberajúcich sa kvalitou výrobkov pre podmienky Slovenska, a to na základe analógie s existujúcim nemeckým systémom hodnotenia.
Guardado en:
| Autor principal: | |
|---|---|
| Formato: | Capítulo de libro |
| Lenguaje: | eslovaco |
| Materias: | |
| Etiquetas: |
Sin Etiquetas, Sea el primero en etiquetar este registro!
|
MARC
| LEADER | 00000nla a2200000 4500 | ||
|---|---|---|---|
| 001 | 0246586 | ||
| 005 | 20240502073946.3 | ||
| 041 | 0 | |a slo | |
| 044 | |a SK | ||
| 245 | 1 | 0 | |a Kritéria pre hodnotenie nástrojov kvality |c Rastislav Strhan |
| 520 | |a Informačná asymetria ako zásadný problém moderného trhu. Návrh kritérií na hodnotenie rôznych systémov zaoberajúcich sa kvalitou výrobkov pre podmienky Slovenska, a to na základe analógie s existujúcim nemeckým systémom hodnotenia. | ||
| 610 | 2 | 0 | |a kvalita |
| 610 | 2 | 0 | |a výrobky |
| 610 | 2 | 0 | |a kvalita výrobkov |
| 610 | 2 | 0 | |a posudzovanie zhody výrobkov |
| 610 | 2 | 0 | |a informácie asymetrické |
| 610 | 2 | 0 | |a certifikácia |
| 610 | 2 | 0 | |a marketing |
| 610 | 2 | 0 | |a komunikácia marketingová |
| 610 | 2 | 0 | |a reputácia podniku |
| 100 | 1 | |a Strhan, Rastislav, 1968- | |